Statistiken für Länder des Islam

Klicken Sie hier um das Quiz zu spielen!

Allgemein

  • Dieses Quiz wurde 234 mal gespielt
    (70 seit der letzten Aktualisierung)
  • Das Durchschnittsergebnis liegt bei 31 aus 48

Antwortstatistiken

Land% Korrekt
Saudi-Arabien
93%
Irak
89%
Iran
89%
Marokko
87%
Pakistan
87%
Türkei
87%
Syrien
85%
Indonesien
83%
Tunesien
83%
Afghanistan
80%
Ägypten
80%
Albanien
78%
Algerien
78%
Kosovo
76%
Oman
76%
Katar
74%
Senegal
74%
Jemen
72%
Jordanien
72%
Sudan
72%
Turkmenistan
72%
Libyen
70%
Somalia
70%
Libanon
65%
Mali
65%
Usbekistan
65%
Aserbaidschan
63%
Kasachstan
63%
Niger
63%
Bosnien und Herzegowina
61%
Kuwait
61%
Tschad
61%
Vereinigte Arabische Emirate
61%
Malaysia
59%
Tadschikistan
57%
Kirgisistan
54%
Mauretanien
54%
Nigeria
54%
Bangladesch
50%
Dschibuti
46%
Eritrea
46%
Malediven
46%
Burkina Faso
43%
Guinea
43%
Brunei
39%
Guinea-Bissau
33%
Komoren
33%
Sierra Leone
24%

Verteilung der Resultate

Perzentil nach korrekt beantworteten Fragen

Anzahl Personen mit jedem Resultat

Ihre Resultats-Entwicklung

Sie haben dieses Quiz seit der letzten Aktualisierung nicht gespielt